00628nam a2200157Ia 4500100002200000942000700022654001600029245005800045260003200103082002000135300000800155546001200163999001700175952013900192952013900331 aDailley/Denton J  cBK aoperational aOperational Amplifiers and Linear Integrated circuits bMcGraw HillaNew Yorkc1989 a621.381535bSAI a418 aENGLISH c28241d28241 001040708CRCaCRCEbCRCEc1435 | 26d2023-03-17eUBSg182.50iT 309/90l0o621.381535 SAIp2984r2023-03-17v182.50w2023-03-17yBK 001040708CRCaCRCEbCRCEc1435 | 26d2023-03-17eUBSg182.85iT 309/90l0o621.381535 SAIp2985r2023-03-17v182.85w2023-03-17yBK